书目信息 |
| 题名: |
土钉支护设计与施工手册
|
|
| 作者: | 曾宪明 编著 | |
| 分册: | ||
| 出版信息: | 北京 中国建筑工业出版社 2000.08 |
|
| 页数: | 354页 | |
| 开本: | 16开 | |
| 丛书名: | ||
| 单 册: | ||
| 中图分类: | TU472.99-62 | |
| 科图分类: | ||
| 主题词: | 地基--基础(工程) | |
| 电子资源: | ||
| ISBN: | 7-112-04292-5 | |
| 000 | 00607nam0 2200193 45 | |
| 001 | 0012011033 | |
| 005 | 20001226100849.4 | |
| 010 | @a7-112-04292-5@d38.00元 | |
| 100 | @a20001201d2000 km y0chiy0120 ea | |
| 101 | 0 | @achi |
| 105 | @a z 000yy | |
| 200 | 1 | @a土钉支护设计与施工手册@ATu Ding Zhi Hu She Ji Yu Shi Gong Shou Ce@f曾宪明等编著@FCeng Xian Ming Deng Bian Zhu |
| 210 | @a北京@c中国建筑工业出版社@d2000.08 | |
| 215 | @a354页@d16开 | |
| 606 | 0 | @a地基@x基础(工程) |
| 690 | @aTU472.99-62@v3 | |
| 701 | 0 | @a曾宪明@4编著 |
| 801 | @aCN@bPftUser@c20001201 | |
| 905 | @dTU472.99-62@eZ542@b314900-914@f15 | |
| 土钉支护设计与施工手册/曾宪明等编著.-北京:中国建筑工业出版社,2000.08 |
| 354页;16开 |
| ISBN 7-112-04292-5:38.00元 |
| ● |
| 相关链接 |
|
|
|
正题名:土钉支护设计与施工手册
索取号:TU472.99-62/Z542
 
预约/预借
| 序号 | 登录号 | 条形码 | 馆藏地/架位号 | 状态 | 备注 |
| 1 | 0314905 | 203149057 | 建筑库101/101建筑库 98排2列1层/ [索取号:TU472.99-62/Z542] | 在馆 | |
| 2 | 314900 | 203149002 | 土木与交通工程学院资料室/土木与交通学院资料室 1排1列1层/ [索取号:TU472.99-62/Z542] | 在馆 | |
| 3 | 314901 | 203149011 | 建筑库101/101建筑库 98排2列1层/ [索取号:TU472.99-62/Z542] | 在馆 | |
| 4 | 314902 | 203149020 | 建筑库101/101建筑库 98排2列1层/ [索取号:TU472.99-62/Z542] | 在馆 | |
| 5 | 314903 | 203149039 | 建筑库101/101建筑库 98排2列1层/ [索取号:TU472.99-62/Z542] | 在馆 | |
| 6 | 314904 | 203149048 | 建筑库101/101建筑库 98排2列1层/ [索取号:TU472.99-62/Z542] | 在馆 | |
| 7 | 314906 | 203149066 | 建筑库101/101建筑库 98排2列1层/ [索取号:TU472.99-62/Z542] | 在馆 | |
| 8 | 314907 | 203149075 | 建筑库101/101建筑库 98排2列1层/ [索取号:TU472.99-62/Z542] | 在馆 | |
| 9 | 314908 | 203149084 | 自科二线404/404自科库 28排4列4层/ [索取号:TU472.99-62/Z542] | 在馆 | |
| 10 | 314909 | 203149093 | 土木与交通工程学院资料室/土木与交通学院资料室 1排1列1层/ [索取号:TU472.99-62/Z542] | 在馆 | |
| 11 | 314910 | 203149100 | 自科二线404/404自科库 28排4列4层/ [索取号:TU472.99-62/Z542] | 在馆 | |
| 12 | 314911 | 203149119 | 自科二线404/404自科库 28排5列5层/ [索取号:TU472.99-62/Z542] | 在馆 | |
| 13 | 314912 | 203149128 | 建筑库101/101建筑库 98排2列1层/ [索取号:TU472.99-62/Z542] | 在馆 | |
| 14 | 314913 | 203149137 | 建筑库101/101建筑库 98排2列1层/ [索取号:TU472.99-62/Z542] | 在馆 | |
| 15 | 314914 | 203149146 | 自科二线404/404自科库 28排6列2层/ [索取号:TU472.99-62/Z542] | 在馆 |